000 00328nam a2200121Ia 4500
008 190216s9999||||xx |||||||||||||| ||und||
100 _a"Kochumman C ,abraham S & Ramakrishanpilla K"
245 0 _aIntroduction To Statistical Methods
260 _bNarosa Pubs House
_c1977
300 _a64p
650 _aCommerce
942 _cBK
999 _c4175
_d4175